| 000 | 00640cam a22002053a 4500 | ||
|---|---|---|---|
| 001 | 45349 | ||
| 003 | PGUSA | ||
| 005 | 20140828084040.0 | ||
| 008 | 140408s2014||||xxu|||||s|||||000 | eng d | ||
| 040 |
_aPGUSA _beng |
||
| 042 | _adc | ||
| 100 | 1 | _aKingston, Charles | |
| 245 | 1 | 0 |
_aRemarkable Rogues : _bThe Careers of Some Notable Criminals of Europe and America; Second Edition _h[electronic resource] / _cCharles Kingston |
| 260 |
_bProject Gutenberg, _c2014 |
||
| 506 | _aPublic domain in the USA. | ||
| 516 | _aElectronic text | ||
| 830 | 0 |
_aProject Gutenberg _v45349 |
|
| 856 | 4 | 0 | _uhttp://www.gutenberg.org/ebooks/45349 |
| 942 | _cEB | ||
| 999 |
_c274600 _d274600 |
||